Statistics for Largest Cities in the Guinea Region on a Map

Click here to take the quiz!

General Stats

  • This quiz has been taken 33 times
  • The average score is 8 of 12

Answers on the Map

Answers color-coded by a green-red scale on the quiz's map according to % correct below.
 

Answer Stats

PopulationCountryCity% Correct
1.66 mGuineaConakry
96%
2.07 mGhanaAccra
93%
0.39 mGuinea-BissauBissau
93%
1.05 mSierra LeoneFreetown
89%
0.84 mTogoLomé
89%
1.02 mLiberiaMonrovia
89%
4.39 mIvory CoastAbidjan
81%
0.68 mBeninCotonou
81%
2.03 mGhanaKumasi
67%
0.37 mGhanaTamale
30%
0.54 mIvory CoastBouaké
26%
0.31 mGhanaTakoradi
15%

Score Distribution

Percentile by Number Answered

Percent of People with Each Score

Your Score History

You have not taken this quiz